AFC Championship Losing Quarterbacks - Statistics

General Stats
  • This quiz has been taken 96 times
    30 since last reset
  • The average score is 45 of 59
Answer Stats
Year Team Player % Correct
2022 Bengals Joe Burrow
100%
2024 Bills Josh Allen
100%
2020 Bills Josh Allen
100%
2023 Ravens Lamar Jackson
100%
2021 Chiefs Patrick Mahomes
100%
2018 Chiefs Patrick Mahomes
100%
2015 Patriots Tom Brady
100%
2013 Patriots Tom Brady
100%
2012 Patriots Tom Brady
100%
2006 Patriots Tom Brady
100%
2003 Colts Peyton Manning
96%
2007 Chargers Phillip Rivers
96%
2014 Colts Andrew Luck
92%
2016 Steelers Ben Roethlisberger
92%
2004 Steelers Ben Roethlisberger
92%
2017 Jaguars Blake Bortles
92%
2011 Ravens Joe Flacco
92%
2008 Ravens Joe Flacco
92%
1992 Dolphins Dan Marino
88%
1985 Dolphins Dan Marino
88%
1991 Broncos John Elway
88%
1976 Steelers Terry Bradshaw
88%
1972 Steelers Terry Bradshaw
88%
1981 Chargers Dan Fouts
83%
1980 Chargers Dan Fouts
83%
2025 Broncos Jarrett Stidham
83%
1988 Bills Jim Kelly
83%
2019 Titans Ryan Tannehill
83%
1999 Jaguars Mark Brunell
79%
1996 Jaguars Mark Brunell
79%
2010 Jets Mark Sanchez
79%
2009 Jets Mark Sanchez
79%
1977 Raiders Ken Stabler
75%
1975 Raiders Ken Stabler
75%
1974 Raiders Ken Stabler
75%
1973 Raiders Ken Stabler
75%
2001 Steelers Kordell Stewart
75%
1997 Steelers Kordell Stewart
75%
2002 Titans Steve McNair
75%
1971 Colts Johnny Unitas
71%
2000 Raiders Rich Gannon
71%
1989 Browns Bernie Kosar
67%
1987 Browns Bernie Kosar
67%
1986 Browns Bernie Kosar
67%
1970 Raiders Daryle Lamonica
67%
1969 Raiders Daryle Lamonica
67%
1968 Raiders Daryle Lamonica
67%
1995 Colts Jim Harbaugh
67%
1994 Steelers Neil O'Donnell
67%
1998 Jets Vinny Testaverde
67%
2005 Broncos Jake Plummer
63%
1993 Chiefs Joe Montana
58%
1983 Seahawks Dave Krieg
54%
1979 Oilers Dan Pastorini
38%
1978 Oilers Dan Pastorini
38%
1982 Jets Richard Todd
38%
1990 Raiders Jay Schroeder
33%
1984 Steelers Mark Malone
29%
1967 Oilers Pete Beathard
0%
No matching quizzes found
Score Distribution
Percent of People with Each Score
Percentile by Number Answered
Your Score History
You have not taken this quiz since the last reset